| 000 | 00000nam##2200000za#4500 |
| 001 | 9.681754 |
| 003 | CaOODSP |
| 005 | 20210615132516 |
| 007 | ta |
| 008 | 150407|2002||||xxc||||| f|0| 0 fre|d |
| 020 | |a0-662-86689-4 |
| 040 | |aCaOODSP|bfre |
| 043 | |an-cn--- |
| 086 | 1 |aE94-320/2002F |
| 110 | 1 |aCanada.|bAgence canadienne de développement international. |
| 245 | 10|aPlan d'action de l'ACDI en matière d'éducation de base |
| 260 | |aOttawa - Ontario : |bAgence canadienne de développement international |c2002. |
| 300 | |avii, 48p. : |bill. ; |c28 cm. |
| 563 | |aCouverture souple |
| 590 | |a02-20|b2002-05-17 |
| 691 | 07|aAide à l'étranger|2gcpds |
| 691 | 07|aÉducation|2gcpds |
| 691 | 07|aInstitution fédérale|2gcpds |
| 691 | 07|aStratégie|2gcpds |
| 775 | 08|tCIDA'S action plan on basic education |w(CaOODSP)9.648463 |
| 776 | 0#|tPlan d'action de l'ACDI en matière d'éducation de base |w(CaOODSP)9.639909 |